Cad/Cam/Cim (Record no. 107214)

MARC details
000 -LEADER
fixed length control field 00322pam a2200133 a 4500
020 ## - INTERNATIONAL STANDARD BOOK NUMBER
Terms of availability
041 ## - LANGUAGE CODE
Language code of original
082 ## - DEWEY DECIMAL CLASSIFICATION NUMBER
Classification number 4.0000000000000001E-2
Item number RAD
100 ## - MAIN ENTRY--PERSONAL NAME
Personal name Radhakrishnan
245 ## - TITLE STATEMENT
Title Cad/Cam/Cim
Medium Textual Documents
260 ## - PUBLICATION, DISTRIBUTION, ETC.
Place of publication, distribution, etc. New Delhi
Name of publisher, distributor, etc. New Age International (P) Ltd Publishers
300 ## - PHYSICAL DESCRIPTION
Extent 628/PB
930 ## - EQUIVALENCE OR CROSS-REFERENCE-UNIFORM TITLE HEADING [LOCAL, CANADA]
Uniform title 381
Holdings
Withdrawn status Lost status Source of classification or shelving scheme Damaged status Not for loan Home library Current library Shelving location Date acquired Source of acquisition Cost, normal purchase price Total Checkouts Full call number Barcode Date last seen Copy number Price effective from Koha item type
    Dewey Decimal Classification     Abhijit Kadam Institute of Management & Social Science, Solapur Abhijit Kadam Institute of Management & Social Science, Solapur MSW Library 22/09/1999 Mahaveer General Store 210.00   4.0000000000000001E-2 RAD AKS-W-01636 01/03/2023 2 01/03/2023 Book
    Dewey Decimal Classification     Abhijit Kadam Institute of Management & Social Science, Solapur Abhijit Kadam Institute of Management & Social Science, Solapur MSW Library 22/09/1999 Mahaveer General Store 210.00   4.0000000000000001E-2 RAD AKS-W-01635 01/03/2023 1 01/03/2023 Book